1522 1932 1386 1865 1062 1893 1557 1328 1429 1171 1464 1698 1190 1138 1898 1351 1551 1275 1735 1225 1739 1033 1303 1524 1806 1977 1377 1053 1191 1376 1959 1508 1010 1447 1924 1543 1790 1958 1938 1827 1177 1012 1476 1122 1258 1757 1226 1727 1048 1982 1847 1635 1100 1730 1074 1782 1359 1806 1861 1503 1426 1336 1525 1890 1237 1546 1396 1721 1773 1535 1006 1098 1111 1201 1832 1091 1965 1911 1491 1063 1671 1813 1790 1563 1984 1410 1415 1356 1412 1499 1260 1502 1017 1714 1213 1237 1387 1952 1582 BCNSPRNW ULIB Ver.6.0+V

เปลี่ยนเป็นภาษาไทย

Change to English
 แสดงรายละเอียดบรรณานุกรม
  กลับหน้าหลัก

Brief Record : Get Marc (ISO 2709) : E-mail record : QR code < ปิดหน้าต่าง
LEADER : 00000nam 2200000uu 4500
001    13399122113
003     ULIB
008    121227s2551||||th 000 0 tha d
020    ^a9789741383696
090    ^aนว.^bพ626จ
100 0  ^aพาสเวิร์ด
245 00 ^aเจ้าหัวใจทะเลทราย/^cพาสเวิร์ด
250    ^aพิมพ์ครั้งที่ 3
260    ^aกรุงเทพฯ :^bอักษรศาสตร์ พับลิเคชั่น,^c2551
300    ^a267 หน้า
945    ^p229^l0^i023613
995    ^aวิภา
999 ^a ใช้งานได้ทุกระบบ
รายการนี้ยังไม่มีแท็ก
คุณยังไม่ได้ล็อกอิน คุณสามารถมีกิจกรรมร่วมกับเว็บไซต์ได้ แต่ต้องล็อกอินก่อน ::
  ล็อกอิน

รายการสื่อสารสนเทศ

ลำดับที่ ประเภท เลขเรียก/บาร์โค้ด สถานที่ สถานะ
1. นวนิยาย
นวนิยาย
นว. พ626จ  
  Barcode: 023613
ห้องสมุดวิทยาเขตสวรรค์ประชารักษ์
►นวนิยาย
ถูกยืม กำหนดส่งวันที่ 5 ธันวาคม 2561
  จอง

รายการใกล้เคียง
    ผู้แต่ง [พาสเวิร์ด]

BibComment


ยังไม่เคยถูกคอมเมนท์

คอมเมนท์ทรัพยากรรายการนี้
  คอมเมนท์: เจ้าหัวใจทะเลทรา..


 Copyright 2026. Bcnsprnw @Library